<?xml version="1.0" encoding="UTF-8"?>
<marc:record xmlns:marc="http://www.loc.gov/MARC21/slim">
   <marc:leader>00000nam a2200000 a 4500</marc:leader>
   <marc:datafield ind1="1" ind2=" " tag="100">
      <marc:subfield code="a">Jelinek, Nina</marc:subfield>
      <marc:subfield code="4">aut</marc:subfield>
      <marc:subfield code="e">Verfasser/-in</marc:subfield>
   </marc:datafield>
   <marc:datafield ind1="0" ind2="0" tag="245">
      <marc:subfield code="a">Der Todesengel von Wien</marc:subfield>
   </marc:datafield>
   <marc:datafield ind1="0" ind2="0" tag="245">
      <marc:subfield code="b">True Crime</marc:subfield>
   </marc:datafield>
   <marc:datafield ind1="0" ind2="0" tag="245">
      <marc:subfield code="c">Nina Jelinek</marc:subfield>
   </marc:datafield>
   <marc:datafield ind1=" " ind2="1" tag="264">
      <marc:subfield code="a">Meßkirch</marc:subfield>
      <marc:subfield code="b">Gmeiner</marc:subfield>
      <marc:subfield code="c">2023</marc:subfield>
   </marc:datafield>
   <marc:datafield ind1="1" ind2=" " tag="520">
      <marc:subfield code="a">Als Heinrich Truttenberger im Herbst 1937 zum Begräbnis seiner Mutter in seine krisengebeutelte Heimatstadt Wien fährt, muss er feststellen, dass diese ihr Leben kurz vor ihrem Tod komplett auf den Kopf gestellt hat. Als Mitbewohnerin der schillernden Martha genoss sie ihre letzten Tage in einer vornehmen Stadtvilla und vermachte ihr ihr gesamtes Vermögen. Angetrieben von Wut, Trauer und Frustration hält Heinrich die polizeiliche Abteilung für Leib und Leben auf Trab, wobei Erschreckendes ans Licht kommt.</marc:subfield>
   </marc:datafield>
   <marc:datafield ind1=" " ind2=" " tag="020">
      <marc:subfield code="a">9783839204665</marc:subfield>
      <marc:subfield code="9">9783839204665</marc:subfield>
   </marc:datafield>
   <marc:datafield ind1=" " ind2=" " tag="020">
      <marc:subfield code="a">3839204666</marc:subfield>
      <marc:subfield code="9">3839204666</marc:subfield>
   </marc:datafield>
   <marc:datafield ind1=" " ind2=" " tag="300">
      <marc:subfield code="a">315 Seiten</marc:subfield>
   </marc:datafield>
</marc:record>
